Word Ladder: Life is Like a Box of Chocolates Quiz Stats

 Plays Quiz Updated Dec 26, 2017

Score 0/16 Timer 02:00
3 Plays Today
Clue 4-Letter Answer % Correct
Payment to a landlordRENT
96.3%
What dogs do when hotPANT
94.4%
• Golfer's warning •• FORE •
94.3%
A home for shipsPORT
93.9%
A strongly defended station occupied by troopsFORT
93.3%
Slightly wetDAMP
93.1%
Talk in a vehement and wild mannerRANT
92.1%
Where garbage is often takenDUMP
91.7%
Clue 4-Letter Answer % Correct
Division of a bowling alleyLANE
91.1%
It can provide illuminationLAMP
89.5%
• Refreshing inactivity •• REST •
89.4%
A nuisancePEST
89.1%
Unit of glassPANE
87.5%
Weak and inadequateLAME
87.5%
Vertical side of the hard framework of a soccer or hockey netPOST
87.4%
• A foolish person •• GUMP •
46.3%

Today's Daily Dose

Missing Word
Wicked Songs

Word Ladder
Blue Ivies

Get the Picture
Green on the Flag?

You're not logged in!

Compare scores with friends on all Sporcle quizzes.
OR
Log In

You Might Also Like...

Show Comments

Extras

Top Quizzes Today


Score Distribution

Your Account Isn't Verified!

In order to create a playlist on Sporcle, you need to verify the email address you used during registration. Go to your Sporcle Settings to finish the process.

Report this User

Report this user for behavior that violates our Community Guidelines.

Details: